Statistiques concernant - Prénoms les plus donnés en 2000 -

Cliquez ici pour prendre le quiz!

Statistiques générales

  • Ce quiz a été pris 135 fois
  • Le résultat moyen est 53 sur 100

Statistiques - réponses

Position 1ère Lettre Prénom % Correct
11JJulie
93%
7QQuentin
93%
1TThomas
91%
3TThéo
89%
16LLouis
88%
1LLéa
87%
18PPaul
85%
30LLéo
83%
6MMarie
83%
13JJulien
79%
23KKevin
79%
4CChloé
77%
3CCamille
76%
5EEmma
76%
9AAntoine
75%
4HHugo
72%
8AAlexandre
72%
19PPierre
72%
14RRomain
71%
2LLucas
71%
12VValentin
71%
38RRomane
71%
2MManon
71%
31NNathan
69%
25TTom
69%
27LLouise
69%
14LLucie
69%
13PPauline
68%
21JJuliette
68%
25EEmilie
67%
6NNicolas
67%
5MMaxime
65%
9LLaura
63%
46JJules
61%
12MMarine
61%
10CClément
60%
24CCharlotte
59%
34VVincent
59%
19LLisa
59%
22MMarion
59%
18JJustine
57%
35VVictor
57%
32MMathieu
56%
10MMathilde
56%
8SSarah
55%
24AAnthony
53%
17CClara
53%
15FFlorian
53%
42DDamien
53%
40AAlice
52%
44JJeanne
51%
42EElise
49%
16IInès
49%
26AAdrien
48%
37MMathis
48%
20BBaptiste
48%
17BBenjamin
48%
30NNoémie
48%
46CClaire
47%
36JJérémy
45%
26EEva
45%
21EEnzo
45%
49TThibault
44%
33AAxel
44%
34EElisa
44%
11AAlexis
44%
31CClémence
43%
7OOcéane
43%
35AAmélie
43%
38BBastien
41%
27GGuillaume
41%
15AAnaïs
41%
37JJade
41%
45RRaphaël
41%
29CCorentin
40%
47RRémi
39%
28AArthur
39%
40SSimon
37%
47AAlicia
33%
43MMargot
33%
36MMélanie
33%
49CCarla
33%
39EElodie
32%
22DDylan
32%
41SSamuel
32%
48FFanny
32%
28MMargaux
31%
48MMaxence
31%
44JJordan
31%
50SSolène
29%
23MMorgane
28%
45AAudrey
25%
20MMaeva
25%
50TTristan
24%
33MMélissa
24%
39LLoïc
23%
29AAmandine
23%
32CCélia
20%
43DDorian
17%
41LLaurine
13%

Distribution des résultats

Percentile by Number Answered

% des personnes avec chaque résultat

Votre développement - résultats

Vous n’avez pas pris ce quiz